|
|
|
|
| LEADER |
01356njm a2200397 a 4500 |
| 001 |
001200549 |
| 003 |
CZ BrMZK |
| 005 |
20120402074937.0 |
| 007 |
sd^ |
| 008 |
120314s2012 xr cze |
| 024 |
3 |
|
|a 8590236058521
|
| 028 |
0 |
1 |
|a CRO585-2
|b Radioservis
|
| 040 |
|
|
|a BOA001
|b cze
|
| 041 |
1 |
|
|a cze
|h eng
|
| 072 |
|
7 |
|a 821.111-3
|x Anglická próza, anglicky psaná
|2 Konspekt
|9 25
|
| 080 |
|
|
|a 821.111-32
|2 MRF
|
| 080 |
|
|
|a (0:82-322.4)
|2 MRF
|
| 080 |
|
|
|a (0:82-25)7.096
|2 MRF
|
| 080 |
|
|
|a (086.76)
|2 MRF
|
| 100 |
1 |
|
|a Doyle, Arthur Conan,
|d 1859-1930
|7 jn19990001842
|4 aut
|
| 245 |
1 |
0 |
|a 5x Sherlock Holmes
|h [zvukový záznam] /
|
| 260 |
|
|
|a Praha :
|b Radioservis,
|c c2012
|
| 300 |
|
|
|a 5 zvukových desek (58:17) :
|b digital
|
| 500 |
|
|
|a Kompaktní deska
|
| 500 |
|
|
|a Přeloženo z angličtiny
|
| 511 |
0 |
|
|a Čte Viktor Preiss
|
| 518 |
|
|
|a Nahrávky Českého rozhlasu z let 2009-2010
|
| 655 |
|
7 |
|a anglické povídky
|7 fd131811
|2 czenas
|
| 655 |
|
7 |
|a detektivní povídky
|7 fd132008
|2 czenas
|
| 655 |
|
7 |
|a rozhlasové hry
|7 fd133298
|2 czenas
|
| 655 |
|
7 |
|a kompaktní desky
|7 fd201991
|2 czenas
|
| 700 |
1 |
|
|a Preiss, Viktor,
|d 1947-
|7 jn19990218086
|4 stl
|
| 910 |
|
|
|a BOA001
|b CDR-1282.781
|
| 990 |
|
|
|a AV
|
| 991 |
|
|
|b 201204
|e b
|
| 996 |
6 |
|
|b 2610505253
|c CDR-1282.781
|l MZK
|r Sklad / do 24 hodin
|n 4
|p p.v.
|w 001234359
|u 000010
|a 1
|e BOA001
|j MZK50
|s P
|